000 00950nam a22002417a 4500
001 7365
003 FISKH
005 20250710154223.0
008 250710b cb ||||| |||| 00| 0 eng d
020 _a9781444939972
040 _aFISKH
_beng
_cFISKH
_dFISKH
082 _a823.912
100 _aBlyton, Enid
245 _aStories of Wizards and Witches /
_cBy Enid Blyton
260 _aLondon :
_bHodder Children's Book ,
_c2017.
300 _a353 pages :
_billustrations ;
_c20 cm .
505 _aR
520 _aThis bumper collection of 25 short stories is populated by every sort of magical and mysterious creature, from a grumpy wizard who is outwitted by an elf to pixie who rides on a rabbit. With lots of humour and fantastic characters, these will appeal to newly confident listeners as well as to younger children.
521 8 _a750
_bLexile estimate
521 8 _aR
_bRaz-Plus
942 _2ddc
_cBK
_n0
999 _c7365
_d7365